01438pab a2200133 454500008004000000100002000040245008100060260000900141300001400150520104400164650002601208700001901234773005101253180718b2003 xxu||||| |||| 00| 0 eng d aHarisalo, Risto aTrust management in the Finnish ministries: evaluation of management systems c2003 ap.915-40. aOur purpose was to find out to what extent civil servants - managers, specialists, and experts - in 13 Finnish ministries have confidence in their management systems. We defined trust as a kind of deep sentiment, more fundamental than mere acceptance, satisfaction or legitimacy. Trust and mistrust are strong motivators for cooperation and collaboration. They are logical outcomes of social interaction in terms of management systems and context. We found out that civil servants are more likely to trust management if it acts professionally with no emphasis on political factors. Ministers, for instance, can efficiently earn their trust with administrative experience and behavior norms. Our analysis showed that there are both well-trusted and ill-trusted components in management systems implicating that management must be the object of continuous development. As a whole civil servants have more confidence in work community than in strategy, structure, people policies, and administrative processes of the ministries. - Reproduced. aPublic administration aStenvall, Jari aInternational Journal of Public Administration